Cities on the Trans-siberian lines on a map - Statistics

General Stats
  • This quiz has been taken 74 times
  • The average score is 16 of 29
Answers on the Map
Answers color-coded by a green-red scale on the quiz's map according to % correct below.
 
Answer Stats
Station % Correct
Moscow
95%
Beijing
91%
Beijing
91%
Vladivostok
91%
Omsk
89%
Ulaanbaatar
88%
Irkutsk
80%
Nizhny Novgorod
79%
Yekaterinburg
79%
Kazan
77%
Novosibirsk
77%
Perm
68%
Harbin
64%
Krasnoyarsk
61%
Ulan-Ude
59%
Ulan-Ude
59%
Khabarovsk
57%
Chita
45%
Chita
45%
Tyumen
45%
Shenyang
41%
Kirov
29%
Bratsk
23%
Tynda
13%
Sovetskaya Gavan
11%
Tayshet
11%
Tayshet
11%
Datong
9%
Erenhot
7%
No matching quizzes found
Score Distribution
Percent of People with Each Score
Percentile by Number Answered
Your Score History
You have not taken this quiz